000 00456nam a22001697a 4500
005 20230606081246.0
008 230124b |||||||| |||| 00| 0 eng d
020 _a978-971-7829-4
082 _aFil. 550 Ea129 2016
245 _aEarth science
250 _aPhi. ed.
260 _aManila:
_bRex Book Store,
_cc2016.
300 _a366p.;
_bill.
490 _aK to 12
541 _e4619 c.1, 4620 c.2, 4621 c.3, 4622 c.4, 4623 c.5
650 _aEarth sciences
999 _c646
_d646